• 首页
  • 本馆介绍
  • 公告通知
  • 最新文献
  • 馆藏检索
  • 电子资源
  • 读者导购
  • 参考咨询
  • 我的图书馆
  • 登录
  • 详细信息显示
  • 放入我的书架
  • 预约/预借图书
  • 作者相关作品
  • 分类相关作品
  • 丛书相关作品
  • 出版社相关作品

书目信息

  • 表格格式
  • 工作单格式
  • 卡片格式
题名:
中华文化十万个为什么
    
 
作者: 王祥 主编
分册:   文学卷
出版信息: 沈阳   辽海出版社  1999.01
页数: 16,328页
开本: 20cm
丛书名:
单 册:
中图分类: Z228
科图分类: 22.3
主题词:
电子资源:
ISBN: 7-80638-999-7
000 00699cam0 2200229 45
001 0199036490
005 20070918090709.40
010    @a7-80638-999-7@dCNY32.00
100    @a19990528d1999 am y0chiy0121 ea
101 0  @achi
102    @aCN@b210000
105    @af z 000yd
200 1  @a中华文化十万个为什么@AZhong Hua Wen Hua Shi Wan Ge Wei Shi Me@i文学卷@IWen Xue Juan@f王祥主编@FWang Xiang Zhu Bian
210    @a沈阳@c辽海出版社@d1999.01
215    @a16,328页@c彩图及插图@d20cm
517 1  @a文学卷@AWen Xue Juan@9wen xue juan
690    @aZ228@v3
692    @a22.3@v2
701  0 @a王祥@AWang Xiang@4主编
801  0 @aCN@bNLC@c20070918
905    @aBZT@dZ228@e140
906    @dCNY32.00@n0@r1
    
    中华文化十万个为什么.文学卷/王祥主编.-沈阳:辽海出版社,1999.01
    16,328页:彩图及插图;20cm
    
    
    ISBN 7-80638-999-7:CNY32.00
    
●
相关链接 在五车中查询图书 在当当中查询图书 在豆瓣中查询图书


正题名:中华文化十万个为什么     索取号:Z228/140         预约/预借

序号 登录号 条形码 馆藏地/架位号 状态 备注
1 581137   230167297   中心书库北库/ 北库039架A面3列5层1/ [索取号:Z228/140] 在馆    
2 581138   230167296   中心书库北库/ 北库039架A面3列5层21/ [索取号:Z228/140] 在馆    
3 581139   230167295   中心书库北库/ 北库039架A面3列6层12/ [索取号:Z228/140] 在馆    
4 581140   230167294   中心书库北库/ 北库039架A面3列5层30/ [索取号:Z228/140] 在馆    
5 581141   230167293   中心书库北库/ 北库039架A面3列5层15/ [索取号:Z228/140] 在馆    
6 581142   230167292   中心书库北库/ 北库039架A面3列5层2/ [索取号:Z228/140] 在馆    
7 581143   230167291   中心书库北库/ 北库039架A面3列5层29/ [索取号:Z228/140] 在馆    
8 581144   230167290   中心书库北库/ 北库039架A面3列5层3/ [索取号:Z228/140] 在馆    
9 581145   230167289   中心书库北库/ 北库039架A面3列5层18/ [索取号:Z228/140] 在馆    
10 581146   230167288   中心书库北库/ 北库039架A面3列5层13/ [索取号:Z228/140] 在馆    
山东省滨州职业学院图书馆 欢迎您!
大连网信软件有限公司© 版权所有